000 00700nam a2200265Ia 4500
005 20260302113939.0
008 008 260114s9999 xx 000 0 eng d
020 _a9781474212328
037 _aTextbook
040 _aCRL
040 _beng
040 _cCRL
041 _2eng
041 _aeng
084 _qCRL
100 _aThomas S. C. Farrell
_91117292
245 0 _aReflective Language Teaching From Research to Practice
260 _bBloomsbury
260 _bBloomsbury Academic
260 _c2007
650 _aLinguistics
856 _uhttps://dx.doi.org/10.5040/9781474212328?locatt=label:secondary_bloomsburyCollections
942 _cEBOOK
999 _c1680798
_d1680798